The crime fiction handbook / (Record no. 614114)

000 -LEADER
fixed length control field 02471cam a2200397 a 4500
001 - CONTROL NUMBER
control field 17206748
005 - DATE AND TIME OF LATEST TRANSACTION
control field 20250703155539.0
008 - FIXED-LENGTH DATA ELEMENTS--GENERAL INFORMATION
fixed length control field 120312s2013 enk b 001 0 eng
010 ## - LIBRARY OF CONGRESS CONTROL NUMBER
LC control number 2012008956
020 ## - INTERNATIONAL STANDARD BOOK NUMBER
International Standard Book Number 9780470657034
Qualifying information cloth
020 ## - INTERNATIONAL STANDARD BOOK NUMBER
International Standard Book Number 9780470657041
Qualifying information pbk.
035 ## - SYSTEM CONTROL NUMBER
System control number 17206748
040 ## - CATALOGING SOURCE
Original cataloging agency DLC
Transcribing agency DLC
Modifying agency DLC
042 ## - AUTHENTICATION CODE
Authentication code pcc
043 ## - GEOGRAPHIC AREA CODE
Geographic area code e-uk---
-- n-us---
-- e-sw---
050 00 - LIBRARY OF CONGRESS CALL NUMBER
Classification number PN3448.D4
Item number M435 2013
082 00 - DEWEY DECIMAL CLASSIFICATION NUMBER
Classification number 809.3872
Author Mark MES
100 1# - MAIN ENTRY--PERSONAL NAME
Personal name Messent, Peter B.
9 (RLIN) 129417
245 14 - TITLE STATEMENT
Title The crime fiction handbook /
Statement of responsibility, etc. Peter Messent.
260 ## - PUBLICATION, DISTRIBUTION, ETC.
Place of publication, distribution, etc. Chichester, West Sussex, UK ;
-- Malden, MA :
Name of publisher, distributor, etc. Wiley-Blackwell,
Date of publication, distribution, etc. 2013.
300 ## - PHYSICAL DESCRIPTION
Extent x, 262 p. ;
Dimensions 23 cm.
336 ## - CONTENT TYPE
Content type term text
Content type code txt
Source rdacontent
337 ## - MEDIA TYPE
Media type term unmediated
Media type code n
Source rdamedia
338 ## - CARRIER TYPE
Carrier type term volume
Carrier type code nc
Source rdacarrier
490 0# - SERIES STATEMENT
Series statement Blackwell literature handbooks
504 ## - BIBLIOGRAPHY, ETC. NOTE
Bibliography, etc. note Includes bibliographical references (p. [243]-251) and index.
505 0# - FORMATTED CONTENTS NOTE
Formatted contents note The politics, main forms, and key concerns of crime fiction. The politics of crime fiction; The types of crime fiction; Classical detective fiction; Hard-boiled detective fiction; The police novel; Transgressor fictions; Vision, supervision, and the city; Crime and the body; Gender matters; Representations of race -- Discussions of individual texts. Edgar Allan Poe: "The murders in the Rue Morgue"; Arthur Conan Doyle : The sign of four; Agatha Christie : The murder of Roger Aykroyd; Dashiell Hammett : The Maltese falcon; Raymond Chandler : The big sleep; James M. Cain : Double indemnity; Patricia Highsmith : The talented Mr. Ripley; Chester Himes : Cotton comes to Harlem; Maj Sjöwall and Per Wahlöö : The laughing policeman; James Ellroy : The black dahlia; Thomas Harris : The silence of the lambs; Patricia Cornwell : Unnatural exposure; Ian Rankin : The naming of the dead; Stieg Larsson : The girl with the dragon tattoo.
650 #0 - SUBJECT ADDED ENTRY--TOPICAL TERM
Topical term or geographic name entry element Detective and mystery stories
General subdivision History and criticism.
9 (RLIN) 129418
650 #0 - SUBJECT ADDED ENTRY--TOPICAL TERM
Topical term or geographic name entry element Detective and mystery stories, English
General subdivision History and criticism.
9 (RLIN) 129419
650 #0 - SUBJECT ADDED ENTRY--TOPICAL TERM
Topical term or geographic name entry element Detective and mystery stories, American
General subdivision History and criticism.
9 (RLIN) 129420
650 #0 - SUBJECT ADDED ENTRY--TOPICAL TERM
Topical term or geographic name entry element Detective and mystery stories, Swedish
General subdivision History and criticism.
9 (RLIN) 129421
906 ## - LOCAL DATA ELEMENT F, LDF (RLIN)
a 7
b cbc
c orignew
d 1
e ecip
f 20
g y-gencatlg
942 ## - ADDED ENTRY ELEMENTS (KOHA)
Source of classification or shelving scheme
Koha item type Book
Holdings
Withdrawn status Lost status Source of classification or shelving scheme Damaged status Not for loan Permanent Location Current Location Date acquired Total Checkouts Full call number Barcode Date last seen Price effective from Koha item type
          NUST Law School (NLS) NUST Law School (NLS) 07/03/2025   809.3872 MES NLS-3158 07/03/2025 07/03/2025 Book
© 2023 Central Library, National University of Sciences and Technology. All Rights Reserved.